000 00667nam a2200205 i 4500
001 178967
003 ES-MaACL
005 20250701220537.0
008 110816s1902 fr |||| | fre d
100 1 _aDuclaux, Emile.
_9147614
245 1 2 _aL'hygiène sociale /
_cpar Emile Duclaux.
260 _aParis :
_bFélix Alcan,
_c1902.
300 _aIV, 271 p. ;
_c22 cm.
490 1 _aBibliothèque générale des sciences sociales ;
_v13
650 4 _aSalud pública.
_916973
650 4 _aSalubridad pública.
_9142699
830 1 0 _aBibliothèque générale des sciences sociales
_v13
_9187778
852 _aES-MaACL
_jC-23093
999 _c178967
_d178967